000 00520nam a22001577a 4500
008 190408b xxu||||| |||| 00| 0 eng d
020 _a9789966468048
050 _aPR 9387.9 .A25M3
_b.A25M3
100 _aAchebe, Chinua
245 _aA man of the people/
260 _aNairobi :
_bEast African Educational Publishers,
_c1966
300 _a149 p. :
_b ill. ;
_c20cm
440 _aAfrica Classic Series
650 _aLiterature
_xPolitical fiction
942 _2lcc
_cAFRICANA
_hPR 9387.9 .A25M3 1966
_01
999 _c30174
_d30174